| 000 | 02211nam0a2200325 4500 | ||
|---|---|---|---|
| 001 | RU\NLR\BIBL_A\022679109 | ||
| 005 | 20260204104646.0 | ||
| 010 |
_a978-5-502-01885-2 _9100 |
||
| 021 |
_aRU _bКН-П-25-060875 _9КН-П-25-5868 |
||
| 035 | _a(NLR Aleph) 022679109 | ||
| 090 |
_a13544161 _c13544161 |
||
| 100 | _a20251204d2025 u y0rusy50 ca | ||
| 101 | 0 | _arus | |
| 102 | _aRU | ||
| 105 | _aa j 000zy | ||
| 181 | 0 |
_ai3 _baxxe |
|
| 182 | 0 | _an | |
| 200 | 1 |
_aПоказатели качества электроэнергии в системах электроснабжения _eучебное пособие для студентов высших учебных заведений направления 13.03.02 "Электроэнергетика и электротехника" всех форм обучения _fГ. Я. Вагин, А. А. Севостьянов _gМинистерство науки и высшего образования Российской Федерации, Федеральное государственное бюджетное образовательное учреждение высшего образования "Нижегородский государственный технический университет им. Р. Е. Алексеева" |
|
| 203 |
_aТекст _bвизуальный _cнепосредственный |
||
| 210 |
_aНижний Новгород _cНижегородский государственный технический университет им. Р. Е. Алексеева _d2025 |
||
| 215 |
_a190 с. _cил., табл. _d20 |
||
| 320 | _aБиблиогр.: с. 178-184 (78 назв.) | ||
| 606 | 1 |
_aЭлектрические сети _xКачество напряжения _jУчебные издания для высших учебных заведений _2nlr_sh1 _2nlr_sh2 _3RU\NLR\AUTH\661196534 |
|
| 686 | 1 | _aЗ27-052я73-1 | |
| 700 | 1 |
_aВагин _bГ. Я. _gГеннадий Яковлевич |
|
| 701 | 1 |
_aСевостьянов _bА. А. _gАлександр Александрович |
|
| 942 | _cBOOK | ||
| 980 | _aNB | ||